书目信息 |
| 题名: |
齐民要术校释
|
|
| 作者: | 贾思勰 原著 ;缪启愉 校释 | |
| 分册: | ||
| 出版信息: | 北京 农业出版社 1982 |
|
| 页数: | 870页 | |
| 开本: | 21cm | |
| 丛书名: | 中国农书丛刊 | |
| 单 册: | ||
| 中图分类: | S-092.39 | |
| 科图分类: | ||
| 主题词: | 农学--中国--北魏 | |
| 电子资源: | ||
| ISBN: | 16144.2391 | |
| 000 | 00834oam2 2200289 450 | |
| 001 | 0182009631 | |
| 005 | 20100712220323.0 | |
| 010 | @a16144.2391@dCNY6.10 | |
| 091 | @a16144.2391@d¥6.10 | |
| 100 | @a19950114d1982 emky0chiy0110 ea | |
| 101 | 0 | @achi |
| 102 | @aCN@b110000 | |
| 105 | @ay z 000yy | |
| 106 | @ar | |
| 200 | 1 | @a齐民要术校释@9Qi;Ji Min Yao Shu;Zhu Xiao;Jiao Shi @f(北魏)贾思勰原著@g缪启愉校释 |
| 210 | @a北京@c农业出版社@d1982 | |
| 215 | @a870页@d21cm | |
| 225 | 2 | @a中国农书丛刊@i综合之部 |
| 461 | 0 | @12001 @a中国农书丛刊 |
| 462 | 0 | @12001 @a综合之部 |
| 605 | @a齐民要术@x注释 | |
| 606 | 0 | @a农学@y中国@z北魏 |
| 690 | @aS-092.39@v3 | |
| 701 | 0 | @a贾思勰@9jia si xie@f北魏@4原著 |
| 702 | 0 | @a缪启愉@9miao qi yu@f(1910.10~?)@4校释 |
| 801 | 0 | @aCN@bAzMarc@c20130904 |
| 905 | @aBZT@dS@e21@f1@sS/21 | |
| 齐民要术校释/(北魏)贾思勰原著/缪启愉校释.-北京:农业出版社,1982 |
| 870页;21cm.-(中国农书丛刊.综合之部) |
| ISBN 16144.2391:CNY6.10 |
| ● |
| 相关链接 |
|
|
|
正题名:齐民要术校释
索取号:S/21
 
预约/预借
| 序号 | 登录号 | 条形码 | 馆藏地/架位号 | 状态 | 备注 |
| 1 | 2000112562 | 2000112562 | 旧书回溯/ [索取号:S/21] | 在馆 |